[Event "LSS No Engine Cup 122 Final"]
[Site "LSS email"]
[Date "2015.08.23"]
[Round "?"]
[White "Rusin, Evgenij"]
[Black "Korinek, Jaroslav"]
[Result "1/2-1/2"]
[WhiteElo "1870"]
[BlackElo "2174"]
[PlyCount "25"]
[EventDate "2015.08.24"]
[EventType "tourn (corr)"]
[EventRounds "6"]
[EventCountry "GER"]
[SourceTitle "Corr 2022"]
[Source "ChessBase"]
[SourceDate "2021.10.24"]
[SourceVersion "1"]
[SourceVersionDate "2021.10.24"]
[SourceQuality "1"]

1. e4 d6 2. d4 Nf6 3. Nc3 Nbd7 4. g4 h6 5. h3 b6 6. Bg2 Bb7 7. Nge2 e5 8. 0-0 c6 9. Be3 Be7 10. Qd2 0-0 11. Ng3 Re8 12. Rad1 b5 13. Nf5 1/2-1/2

[Event "LSS No Engine Cup 114 Preliminary 5"]
[Site "LSS email"]
[Date "2014.07.18"]
[Round "?"]
[White "Neumann, Frank"]
[Black "Rusin, Evgenij"]
[Result "0-1"]
[WhiteElo "587"]
[BlackElo "1831"]
[PlyCount "66"]
[EventDate "2014.07.19"]
[EventType "tourn (corr)"]
[EventRounds "6"]
[EventCountry "GER"]
[SourceTitle "Corr 2015"]
[Source "ChessBase"]
[SourceDate "2015.07.17"]
[SourceVersion "1"]
[SourceVersionDate "2015.07.17"]
[SourceQuality "1"]

1. b4 e5 2. Bb2 Bxb4 3. Bxe5 Nf6 4. e3 0-0 5. c4 d5 6. cxd5 Nxd5 7. a3 Ba5 8. Be2 Re8 9. Nf3 c5 10. 0-0 Nc6 11. Bb2 Bf5 12. Nc3 Nxc3 13. Bxc3 Bxc3 14. dxc3 Qf6 15. Qb3 b6 16. Rad1 Na5 17. Qa2 Qxc3 18. Rc1 Qf6 19. Qd5 Rad8 20. Qa2 Qe6 21. Nh4 Qxa2 22. Nxf5 Qxe2 23. Rce1 Qg4 24. Ng3 h5 25. f3 Qg6 26. Ne2 Rd2 27. Nf4 Qg5 28. Rf2 Red8 29. Rxd2 Rxd2 30. Re2 Rd1+ 31. Kf2 Qh4+ 32. g3 Qxh2+ 33. Ng2 Qg1# 0-1

[Event "LSS No Engine Cup Gr06 prel 01 email"]
[Site "LSS email"]
[Date "2009.09.07"]
[Round "?"]
[White "Rusin, Evgenij"]
[Black "Reed, James A"]
[Result "1-0"]
[WhiteElo "1850"]
[BlackElo "800"]
[PlyCount "63"]
[EventDate "2009.09.08"]
[EventType "tourn (corr)"]
[EventRounds "6"]
[EventCountry "GER"]
[SourceTitle "Telechess CBM 135"]
[Source "ChessBase"]
[SourceDate "2010.03.17"]
[SourceVersion "1"]
[SourceVersionDate "2010.03.17"]
[SourceQuality "1"]

1. e4 c5 2. c3 Nf6 3. e5 Nd5 4. Nf3 h6 5. d4 b6 6. Bc4 Bb7 7. dxc5 e6 8. cxb6 Nxb6 9. Bb3 Be7 10. 0-0 Nc6 11. Re1 0-0 12. Qd3 Bg5 13. Nxg5 hxg5 14. Bc2 g6 15. Qg3 f6 16. exf6 Qxf6 17. Bxg5 Qxf2+ 18. Qxf2 Rxf2 19. Kxf2 Nc4 20. b3 N4e5 21. Na3 Kg7 22. Rad1 Ng4+ 23. Kg1 Rf8 24. Rxd7+ Rf7 25. Rxf7+ Kxf7 26. h3 Nge5 27. Nb5 Kg7 28. Be4 a6 29. Nd6 Ba8 30. Ne8+ Kf7 31. Nc7 Bb7 32. Rf1+ 1-0